Top 15 polskich piłkarzy pod względem wartości - Statystyki

Ogólne statystyki
  • Ten quiz został rozwiązany 621 razy
    186 od ostatniego zresetowania
  • Średni wynik to 10 z 15
Statystyki odpowiedzi
Wartość Piłkarz % Poprawnych
15 mln Robert Lewandowski
100%
25 mln Piotr Zieliński
93%
8 mln Wojciech Szczęsny
88%
12 mln Nicola Zalewski
83%
7 mln Arkadiusz Milik
74%
28 mln Matty Cash
74%
20 mln Sebastian Szymański
72%
25 mln Jakub Kiwior
71%
18 mln Marcin Bułka
66%
11 mln Jan Bednarek
65%
9 mln Przemysław Frankowski
55%
6 mln Karol Świderski
54%
10 mln Jakub Moder
52%
7 mln Jakub Kamiński
34%
11 mln Kamil Grabara
34%
Nie znaleziono quizów pasujących do podanych kryteriów
Rozkład punktacji
Procent ludzi z każdym wynikiem
Percentyl według liczby udzielonych odpowiedzi
Twoja historia wyników
Nie rozwiązałeś tego quizu od ostatniego zresetowania